000 00774nam a2200205Ii 4500
003 JO-AjNU
008 230605s9999||||xx |||||||||||||| ||und||
017 _a2006/7/1887
040 _aJO-AjNU
_bara
_erda
_cJO-AjNU
041 _aara
050 1 4 _aNK3633 .H3522 2008
100 3 _aجنش، أدهام محمد,
_eauthor
_911348
245 0 0 _aالخط العربي وأشكالية المصطلح الفني = Terminology Of Arab Calligraphy: its History and Lexicography
264 3 1 _aاربد: دار الكتاب الثقافي، 2008
300 _a202ص
_bيشتمل على إرجاعات ببليوجرافية
336 _atext
_btxt
_2rdacontent
337 _aunmediated
_bn
_2rdamedia
338 _avolume
_bnc
_2rdacarrier
650 4 _aالخط العربي
_911349
999 _aA2279
_c5847
_d5847